Obálka Náhled e-knihy:
PDF Epub
Pro půjčování e-knih musíte být přihlášeni.
Jak si půjčit online?

Vlk /

Prequel norské detektivní série. Detektiv Holger Munch se poprvé setkává se studentkou Miou Krügerovou, aby společně vyšetřili vraždu dvou jedenáctiletých chlapců.

Uloženo v:
Série:Holger Munch a Mia Krügerová, část 0
Hlavní autor: Bjørk, Samuel, 1969- (Autor)
Další autoři: Mrázová, Daniela, 1976- (Autor)
Médium: E-kniha
Jazyk:Czech
Vydáno: Praha : Kniha Zlin, 2022
Vydání:Vydání první
Edice:Thrill
Témata:
Příbuzné jednotky:Z cyklu:: Holger Munch a Mia Krügerová
Tagy:
Žádné tagy
LEADER 02535nam a2200481 i 4500
001 311658
003 CZ PrSKC
005 20260601215709.0
007 ta
008 220916s2022 xr g 000 f cze
015 |a cnb003447564 
020 |a 9788076623781  |q (vázáno) 
035 |a (OCoLC)1354195455 
040 |a ABG001  |b cze  |e rda 
041 1 |a cze  |h nor 
072 7 |a 821.11  |x Germánské literatury  |2 Konspekt 
080 |a 821.113.5-31  |2 MRF 
080 |a (0:82-312.4)  |2 MRF 
100 1 |a Bjørk, Samuel,  |d 1969-  |7 mzk2015885488  |4 aut 
240 1 0 |a Ulven.  |l Česky 
245 1 0 |a Vlk /  |c Samuel Bjørk ; přeložila Daniela Mrázová 
250 |a Vydání první 
264 1 |a Praha :  |b Kniha Zlin,  |c 2022 
300 |a 457 stran ;  |c 21 cm 
336 |a text  |b txt  |2 rdacontent 
337 |a bez média  |b n  |2 rdamedia 
338 |a svazek  |b nc  |2 rdacarrier 
490 1 |a Thrill ;  |v svazek 48 
500 |a Přeloženo z norštiny 
520 2 |a Prequel norské detektivní série. Detektiv Holger Munch se poprvé setkává se studentkou Miou Krügerovou, aby společně vyšetřili vraždu dvou jedenáctiletých chlapců.  |b Píše se rok 2001. Novopečený šéf zvláštní vyšetřovací jednotky Holger Munch má za úkol vyřešit vraždu dvou jedenáctiletých chlapců. Nedostatek důkazů ho přivede na nápad angažovat talentovanou studentku policejní akademie Miu Krügerovou. Ani s pomocí její intuice se však nevyhnou všem falešným stopám, které jim zanechává pomatený vrah posedlý vizuální dokonalostí. Podaří se nakonec dopadnout muže, jenž má hrůzné činy na svědomí? Nakladatelská anotace. 
655 7 |a norské romány  |7 fd132917  |2 czenas 
655 7 |a detektivní romány  |7 fd132010  |2 czenas 
655 9 |a Norwegian fiction  |2 eczenas 
655 9 |a detective novels  |2 eczenas 
700 1 |a Mrázová, Daniela,  |d 1976-  |7 js20030929006  |4 trl 
787 0 8 |i Z cyklu:  |t Holger Munch a Mia Krügerová  |g 0 
830 0 |a Thrill 
900 |a ABA001  |b 21 
928 9 |a Albatros Media - Kniha Zlin 
044 |a xr 
910 |a RBIT002 
998 |d 359648  |a https://core.palmknihy.cz/api/books/359648/cover?si5xzr  |b https://core.palmknihy.cz/api/books/359648/cover/400?si5xzr  |c https://core.palmknihy.cz/api/books/359648/cover/50?si5xzr  |e 2026-06-17  |g 464  |i 9788076623781  |j https://core.palmknihy.cz/api/books/359648/preview.epub  |k https://core.palmknihy.cz/api/books/359648/preview.pdf  |l   |q 49  |r 1  |s https://www.palmknihy.cz/kniha/359648  |t ebook  |y 2022  |z 0  |v Holger Munch a Mia Krügerová  |w 0 
999 |d 311656